000 00425nam a2200181Ia 4500
001 22695
005 20260414150848.0
008 260414t2009||||xx |||||||||||||| ||spa||
041 _aESP
082 _a621.384135
_bA77
100 _aStraw, R. Dean
_eAUT
245 4 _aThe ARRL Antenna book
_b
260 _c2009
300 _avii, 975 páginas :
_c27 cm.
650 _aTCA
654 _aCET
942 _cLIB
_dJUS
_fJUS
_2ddc
_n
999 _c22695
_d22695